000 00716cam a22002413a 4500
001 8766
003 PGUSA
005 20140828084100.0
008 050801s2005||||xxu|||||s|||||000 1 eng d
040 _aPGUSA
_beng
042 _adc
050 4 _aPS
100 1 _aBurroughs, Edgar Rice,
_d1875-1950
245 1 4 _aThe Chessmen of Mars
_h[electronic resource] /
_cEdgar Rice Burroughs
260 _bProject Gutenberg,
_c2005
506 _aCopyrighted. Read the copyright notice inside this book for details.
516 _aElectronic text
653 _aMars (Planet) -- Fiction
653 _aScience fiction
830 0 _aProject Gutenberg
_v8766
856 4 0 _uhttp://www.gutenberg.org/ebooks/8766
942 _cAB
999 _c275357
_d275357